00447nam a2200169Ia 4500008004100000040001900041041001200060082001900072100001800091245003700109260003400146300002800180504001900208650001800227651001400245850001800259131103s9999 xx 000 0 und d aLoreto College aEnglish a920/KEPbLCLIB aKeppel, Sonia aEdwardian daughtercSonia Keppel aLondonbHamish Hamiltonc1958 axi,212p.b ill.c 22cm. aIncludes index aBeaton, Cecil aBiography aLCLIB/920/KEP